[Event "4NCL/Div2/GD-KH"]
[Site "Rd5-Birmingham"]
[Date "2000.01.22"]
[Round "5.8"]
[White "Kelly, Alexandra"]
[Black "Blackburn, Suzie"]
[Result "1-0"]
[WhiteElo "1576"]
[BlackElo "1496"]
[PlyCount "101"]
[EventDate "2000.01.22"]
[Source "Britbase"]
[SourceDate "2000.01.01"]

1. e4 e6 2. d4 d5 3. Nc3 Bb4 4. e5 c5 5. Bd2 Nc6 6. Nb5 Bxd2+ 7. Qxd2 cxd4 8.
Nd6+ Kf8 9. f4 f6 10. Nf3 Qe7 11. Bd3 Nh6 12. Qf2 Nf7 13. Nxf7 Qxf7 14. Nxd4
fxe5 15. Nxc6 bxc6 16. Qc5+ Qe7 17. Qxe7+ Kxe7 18. fxe5 Rb8 19. b3 Bd7 20. Rf1
g6 21. O-O-O Rhf8 22. Kb2 Rxf1 23. Rxf1 Rf8 24. Rxf8 Kxf8 25. Kc3 Ke7 26. Kd4
Kd8 27. h4 Be8 28. g4 h6 29. g5 h5 30. Kc5 Kc7 31. c4 Kd7 32. b4 Kc7 33. b5
cxb5 34. cxb5 Bf7 35. a4 Be8 36. a5 Bf7 37. b6+ axb6+ 38. axb6+ Kb7 39. Bb5 Kb8
40. Ba6 Be8 41. Kd6 d4 42. Kxe6 Bc6 43. Bd3 Kb7 44. Kf6 Kxb6 45. Kxg6 Bb5 46.
Bc2 d3 47. Bd1 Be8+ 48. Kf5 Kc5 49. g6 Kd4 50. e6 Bxg6+ 51. Kxg6 1-0

[Event "4NCL/Div2/IKHH-GUI2"]
[Site "Rd5-Birmingham"]
[Date "2000.01.22"]
[Round "5.1"]
[White "Farndon, David"]
[Black "Granat, Russell"]
[Result "1-0"]
[WhiteElo "2253"]
[BlackElo "2235"]
[PlyCount "67"]
[EventDate "2000.01.22"]
[Source "Britbase"]
[SourceDate "2000.01.01"]

1. Nf3 d5 2. c4 d4 3. g3 c5 4. b4 cxb4 5. a3 b3 6. Qxb3 Nc6 7. Bg2 e5 8. d3 Nf6
9. O-O Be7 10. e3 O-O 11. exd4 exd4 12. Nbd2 a5 13. Rb1 a4 14. Qc2 h6 15. Re1
Nd7 16. Bb2 Nc5 17. Ne4 Ne6 18. c5 Ra5 19. Bc1 f5 20. Ned2 Nxc5 21. Nc4 Ra6 22.
Nfe5 Nxe5 23. Rxe5 Nb3 24. Bf4 Re6 25. Bd5 g5 26. Bxe6+ Bxe6 27. Rxe6 gxf4 28.
Rbe1 Bf6 29. Nb6 fxg3 30. hxg3 f4 31. Nxa4 Qd5 32. Nb6 Qb5 33. a4 Qb4 34. Nd5
1-0

[Event "4NCL/Div2/IKHH-GUI2"]
[Site "Rd5-Birmingham"]
[Date "2000.01.22"]
[Round "5.2"]
[White "Anderton, Matthew"]
[Black "Hassabis, Demis"]
[Result "0-1"]
[WhiteElo "2216"]
[BlackElo "2235"]
[PlyCount "43"]
[EventDate "2000.01.22"]
[Source "Britbase"]
[SourceDate "2000.01.01"]

1. e4 c5 2. c3 d5 3. exd5 Qxd5 4. d4 Nc6 5. Nf3 Bg4 6. Be2 cxd4 7. cxd4 e6 8.
Nc3 Qa5 9. h3 Bh5 10. d5 exd5 11. Nd4 Bg6 12. Bb5 Nge7 13. O-O O-O-O 14. Nce2
Nxd4 15. Nxd4 Nf5 16. Bf4 Bd6 17. Nxf5 Bxf4 18. Qg4 Bc7 19. Nd4+ Kb8 20. Rac1
a6 21. Be2 Rhe8 22. Rfd1 {Remaining moves indecipherable but 0 : 1, 31.} 0-1

[Event "4NCL/Div2/IKHH-GUI2"]
[Site "Rd5-Birmingham"]
[Date "2000.01.22"]
[Round "5.3"]
[White "Cooper, Andrew G"]
[Black "James, Russell"]
[Result "0-1"]
[WhiteElo "2132"]
[BlackElo "2204"]
[PlyCount "118"]
[EventDate "2000.01.22"]
[Source "Britbase"]
[SourceDate "2000.01.01"]

1. d4 e6 2. c4 b6 3. e4 Bb7 4. Bd3 Nc6 5. Nf3 Nb4 6. Nc3 Nxd3+ 7. Qxd3 Bb4 8.
O-O Bxc3 9. bxc3 d6 10. Bg5 f6 11. Bh4 Qd7 12. a4 a5 13. Rfd1 Ne7 14. Qe3 O-O
15. c5 bxc5 16. dxc5 e5 17. c4 Qc6 18. cxd6 cxd6 19. Rab1 Qxe4 20. Qb3 Bc6 21.
Rxd6 Rab8 22. Qxb8 Rxb8 23. Rxb8+ Kf7 24. h3 Nf5 25. Rdd8 Nxh4 26. Nxh4 Qxh4
27. Rdc8 Qxc4 28. Rc7+ Kg6 29. Rbc8 Qc1+ 30. Kh2 Qf4+ 31. Kg1 Bd5 32. Rd8 Qe4
33. f3 Qe3+ 34. Kh1 Be6 35. Re8 Bxh3 36. gxh3 Qxf3+ 37. Kh2 Qf2+ 38. Kh1 Qf1+
39. Kh2 Qf2+ 40. Kh1 Qf3+ 41. Kh2 Qf4+ 42. Kg2 Qxa4 43. Ree7 Qe4+ 44. Kg3 Qe3+
45. Kg2 Qd2+ 46. Kg3 Qe1+ 47. Kg2 Qe2+ 48. Kg3 h5 49. Rxg7+ Kf5 50. Rgf7 Qe3+
51. Kg2 a4 52. Rg7 Qe2+ 53. Kg1 Qe3+ 54. Kh2 Qf4+ 55. Kg1 Qd4+ 56. Kh2 e4 57.
Rc2 e3 58. Rgc7 Qe5+ 59. Kg2 e2 0-1

[Event "4NCL/Div2/IKHH-GUI2"]
[Site "Rd5-Birmingham"]
[Date "2000.01.22"]
[Round "5.4"]
[White "Richardson, Keith"]
[Black "Wade, Robert"]
[Result "1/2-1/2"]
[WhiteElo "2216"]
[BlackElo "2204"]
[PlyCount "106"]
[EventDate "2000.01.22"]
[Source "Britbase"]
[SourceDate "2000.01.01"]

1. e4 d6 2. d4 Nf6 3. Nc3 c6 4. Nf3 Bg4 5. Be2 Nbd7 6. O-O e5 7. Be3 Be7 8. Nd2
Bxe2 9. Qxe2 O-O 10. a4 a6 11. a5 Ne8 12. dxe5 dxe5 13. Nc4 Nc7 14. Rfd1 Qe8
15. Nd6 Bxd6 16. Rxd6 Ne6 17. Rad1 Nf6 18. Qc4 Qc8 19. f3 Ne8 20. R6d2 Qc7 21.
b4 Rc8 22. Na4 Nf6 23. Bb6 Qe7 24. Nc5 Rfe8 25. Nxe6 Qxe6 26. Qxe6 Rxe6 27.
Rd8+ Rxd8 28. Rxd8+ Re8 29. Rd2 g6 30. Kf2 Kg7 31. Ke3 Re7 32. Bd8 Re6 33. Rd3
h6 34. Kd2 Ne8 35. Rd7 Kf8 36. Kc3 Nd6 37. Bc7 Nb5+ 38. Kc4 Ke8 39. Rd8+ Ke7
40. Bb6 Rd6 41. Rxd6 Kxd6 42. Bc5+ Kd7 43. Bf8 h5 44. c3 Nc7 45. Bh6 Ne6 46.
Be3 Kd6 47. h4 f6 48. g3 g5 49. Kd3 c5 50. Kc4 cxb4 51. cxb4 Kc6 52. Bf2 gxh4
53. gxh4 Nf4 1/2-1/2

[Event "4NCL/Div2/IKHH-GUI2"]
[Site "Rd5-Birmingham"]
[Date "2000.01.22"]
[Round "5.5"]
[White "Gurr, Lyndon"]
[Black "Sharp, Peter"]
[Result "1/2-1/2"]
[WhiteElo "2048"]
[BlackElo "2144"]
[PlyCount "66"]
[EventDate "2000.01.22"]
[Source "Britbase"]
[SourceDate "2000.01.01"]

1. Nf3 d5 2. d4 Nf6 3. c4 dxc4 4. Nc3 Bf5 5. e3 e6 6. Bxc4 a6 7. O-O c5 8. Qe2
Nc6 9. Rd1 Qc7 10. d5 exd5 11. Nxd5 Nxd5 12. e4 Nc3 13. bxc3 Bg4 14. e5 Nd8 15.
Qe4 Be6 16. Bf4 Be7 17. Rab1 Rb8 18. Rb2 b5 19. Bd5 Bxd5 20. Rxd5 Ne6 21. Be3
O-O 22. h4 Rbd8 23. Rbd2 Qc6 24. Ng5 Bxg5 25. Bxg5 Rxd5 26. Qxd5 Qxd5 27. Rxd5
Nxg5 28. hxg5 Rc8 29. Kf1 Kf8 30. Ke2 Ke7 31. Kd3 c4+ 32. Ke4 Rc6 33. f4 h6
1/2-1/2

[Event "4NCL/Div2/IKHH-GUI2"]
[Site "Rd5-Birmingham"]
[Date "2000.01.22"]
[Round "5.6"]
[White "Norman, Ken"]
[Black "Lock, Gavin"]
[Result "1/2-1/2"]
[WhiteElo "2165"]
[BlackElo "2079"]
[PlyCount "69"]
[EventDate "2000.01.22"]
[Source "Britbase"]
[SourceDate "2000.01.01"]

1. Nf3 d5 2. c4 c6 3. d4 Nf6 4. Nc3 a6 5. cxd5 cxd5 6. Bf4 Nc6 7. e3 Bg4 8. Be2
Bxf3 9. Bxf3 e6 10. Rc1 Be7 11. O-O O-O 12. Bg3 Rc8 13. Na4 b5 14. Nc5 Qb6 15.
a4 Rfd8 16. axb5 axb5 17. Be2 Nb8 18. b4 Nc6 19. Rb1 Bd6 20. Bxd6 Rxd6 21. Bd3
Rdd8 22. Qe2 Rb8 23. f4 Rdc8 24. Rb2 Rc7 25. Ra1 Ra7 26. Rxa7 Qxa7 27. Ra2 Qb6
28. Qd2 Qd8 29. Qc3 Rb6 30. h3 g6 31. Nb3 Qd6 32. Ra8+ Kg7 33. Nc5 Qe7 34. Qa3
Ne8 35. Ra6 1/2-1/2

[Event "4NCL/Div2/IKHH-GUI2"]
[Site "Rd5-Birmingham"]
[Date "2000.01.22"]
[Round "5.7"]
[White "Garner, David"]
[Black "Noyce, Robert"]
[Result "1/2-1/2"]
[WhiteElo "2123"]
[BlackElo "2177"]
[PlyCount "47"]
[EventDate "2000.01.22"]
[Source "Britbase"]
[SourceDate "2000.01.01"]

1. e4 d5 2. exd5 Nf6 3. d4 Nxd5 4. Nf3 g6 5. c4 Nb6 6. Nc3 Bg7 7. Be3 Bg4 8.
Be2 O-O 9. h3 Bxf3 10. Bxf3 Nc6 11. Bxc6 bxc6 12. Qd3 e5 13. d5 cxd5 14. cxd5
e4 15. Qxe4 Re8 16. Qf3 Nc4 17. O-O Nxb2 18. Nb5 a6 19. Nd4 Nc4 20. Rad1 Ne5
21. Qe4 Nc4 22. Qf3 Ne5 23. Qe4 Nc4 24. Qf3 1/2-1/2

[Event "4NCL/Div2/IKHH-GUI2"]
[Site "Rd5-Birmingham"]
[Date "2000.01.22"]
[Round "5.8"]
[White "Broomfield, Lucy"]
[Black "Howell, Susan"]
[Result "1/2-1/2"]
[WhiteElo "1680"]
[BlackElo "1728"]
[PlyCount "105"]
[EventDate "2000.01.22"]
[Source "Britbase"]
[SourceDate "2000.01.01"]

1. e4 e6 2. d3 d5 3. Nd2 c5 4. Ngf3 Nc6 5. g3 g6 6. Bg2 Bg7 7. O-O Nge7 8. Re1
O-O 9. c3 Qc7 10. Nf1 d4 11. Bf4 e5 12. Bg5 Kh8 13. Qd2 Ng8 14. Qe2 f6 15. Bd2
f5 16. Rac1 Be6 17. cxd4 cxd4 18. b4 Qd6 19. a3 a6 20. Ng5 Bd7 21. f4 Rae8 22.
h4 Nh6 23. Nh2 fxe4 24. Nxe4 Qe7 25. Rf1 Nf5 26. Qf2 exf4 27. Bxf4 Ne5 28. Qe2
Bb5 29. Rfd1 Bh6 30. Bxe5+ Qxe5 31. Rc5 Nxg3 32. Nxg3 Qxg3 33. Qg4 Re1+ 34.
Rxe1 Qxe1+ 35. Nf1 Be3+ 36. Kh2 Bc6 37. Nxe3 Qxe3 38. Bxc6 bxc6 39. Rc2 Qe5+
40. Qg3 Qd5 41. Qc7 Qh5 42. Qe7 Qf5 43. Qd6 Qf6 44. Qxf6+ Rxf6 45. Kg3 Re6 46.
Kf4 Kg7 47. Rc4 Rd6 48. Ke4 Kf7 49. Rxd4 Re6+ 50. Kf4 Rf6+ 51. Ke3 Re6+ 52. Re4
h6 53. Kf4 1/2-1/2

[Event "4NCL/Div2/LEV-WES"]
[Site "Rd5-Birmingham"]
[Date "2000.01.22"]
[Round "5.1"]
[White "Longson, Alex"]
[Black "Rossiter, Philip"]
[Result "1/2-1/2"]
[WhiteElo "2148"]
[BlackElo "2369"]
[PlyCount "98"]
[EventDate "2000.01.22"]
[Source "Britbase"]
[SourceDate "2000.01.01"]

1. e4 c5 2. Nc3 e6 3. g3 d5 4. exd5 exd5 5. Bg2 Nf6 6. d3 d4 7. Nce2 Bd6 8. Nf3
O-O 9. O-O Bd7 10. Bf4 Bc6 11. Bxd6 Qxd6 12. Nf4 Nbd7 13. Re1 Rfe8 14. h3 Nb6
15. Qd2 Na4 16. Rab1 h6 17. c3 dxc3 18. bxc3 Nb6 19. h4 Nbd5 20. Nxd5 Qxd5 21.
c4 Qd6 22. Qc3 Ng4 23. Rbd1 Rad8 24. Rxe8+ Rxe8 25. Re1 Rd8 26. Ne5 Qf6 27. f4
Bxg2 28. Kxg2 Nxe5 29. Rxe5 Qc6+ 30. Kf2 b6 31. Re1 Qd7 32. Re3 Qh3 33. Kg1 Qg4
34. Qe1 Rd4 35. Kf2 Kh7 36. Qe2 Qf5 37. Qf3 Rd8 38. Kg2 g6 39. Kf2 h5 40. Kg2
Rd7 41. Qe2 a6 42. a4 Qf6 43. Kh2 Qf5 44. Kg2 Rd4 45. Kh2 Kg7 46. Kg2 Qd7 47.
Re8 Qd6 48. Re3 Qc6+ 49. Kh2 Qd6 1/2-1/2

[Event "4NCL/Div2/LEV-WES"]
[Site "Rd5-Birmingham"]
[Date "2000.01.22"]
[Round "5.2"]
[White "Corkett, Anthony"]
[Black "Burgess, Jon"]
[Result "1-0"]
[WhiteElo "2295"]
[BlackElo "2145"]
[PlyCount "93"]
[EventDate "2000.01.22"]
[Source "Britbase"]
[SourceDate "2000.01.01"]

1. e4 c5 2. c3 d5 3. exd5 Qxd5 4. d4 Nc6 5. Nf3 e6 6. Be2 Nf6 7. O-O cxd4 8.
cxd4 Be7 9. Nc3 Qd8 10. a3 a6 11. Be3 O-O 12. Rc1 h6 13. Bd3 Bd6 14. h3 Bb8 15.
Bb1 Ne7 16. Qd2 Nf5 17. Rfd1 b5 18. Bxf5 exf5 19. d5 Qd6 20. Ne2 Bb7 21. Bc5
Qd7 22. Bxf8 Kxf8 23. Nc3 Qd6 24. Qd4 Kg8 25. Qb4 Qd7 26. Re1 Bd6 27. Qd4 Rc8
28. Ne5 Qd8 29. Rcd1 Qc7 30. Nc6 Qd7 31. Ne5 Qc7 32. Nc6 Qd7 33. Kh1 Bf8 34.
Na5 Bc5 35. Qd3 Ba8 36. Re2 Nh5 37. Qf3 g6 38. Nc6 Bd6 39. Rde1 Kg7 40. Nd1 Nf4
41. Ne5 Bxe5 42. Rxe5 Nxd5 43. Qd3 Qc6 44. Qd4 Kg8 45. f3 Nf6 46. Nc3 Rc7 47.
Nd5 1-0

[Event "4NCL/Div2/LEV-WES"]
[Site "Rd5-Birmingham"]
[Date "2000.01.22"]
[Round "5.3"]
[White "Coppin, Andrew"]
[Black "Simons, Martin"]
[Result "1-0"]
[WhiteElo "2088"]
[BlackElo "2248"]
[PlyCount "61"]
[EventDate "2000.01.22"]
[Source "Britbase"]
[SourceDate "2000.01.01"]

1. e4 d5 2. exd5 Nf6 3. d4 Bg4 4. Be2 Bxe2 5. Qxe2 Qxd5 6. Nf3 Nc6 7. c4 Qf5 8.
O-O O-O-O 9. d5 Nb4 10. Nd4 Qd3 11. Qxd3 Nxd3 12. Nf3 Ne4 13. Nbd2 Nd6 14. b3
g6 15. Ba3 Bg7 16. Rad1 Rhe8 17. Ng5 h6 18. Nge4 f5 19. Nc5 Nxc5 20. Bxc5 e5
21. Bxa7 b6 22. c5 bxc5 23. Bxc5 Nb5 24. Nb1 Nd4 25. Nc3 Rd7 26. f4 c6 27. fxe5
Nb5 28. Nxb5 cxb5 29. e6 Rdd8 30. Rfe1 Kb7 31. d6 1-0

[Event "4NCL/Div2/LEV-WES"]
[Site "Rd5-Birmingham"]
[Date "2000.01.22"]
[Round "5.4"]
[White "Upton, Ian"]
[Black "Brown, Paul"]
[Result "1-0"]
[WhiteElo "2238"]
[BlackElo "2090"]
[PlyCount "57"]
[EventDate "2000.01.22"]
[Source "Britbase"]
[SourceDate "2000.01.01"]

1. d4 b5 2. e4 a6 3. Bd3 e6 4. Nf3 c5 5. c3 Bb7 6. Nbd2 Nc6 7. O-O Nf6 8. Re1
Qb6 9. d5 Na5 10. b3 c4 11. bxc4 Bc5 12. Rf1 bxc4 13. Nxc4 Nxc4 14. Bxc4 Nxe4
15. dxe6 Bxf2+ 16. Kh1 fxe6 17. Ba3 Qc6 18. Bd3 Ba7 19. Bxe4 Qxe4 20. Rb1 O-O-O
21. Rb4 Qd5 22. Qe2 d6 23. Rd1 Qf5 24. Rc4+ Kb8 25. Bxd6+ Ka8 26. Rf4 Qh5 27.
Rb4 e5 28. Rxb7 Kxb7 29. Qe4+ 1-0

[Event "4NCL/Div2/LEV-WES"]
[Site "Rd5-Birmingham"]
[Date "2000.01.22"]
[Round "5.5"]
[White "Walton, Alan"]
[Black "Neil, David"]
[Result "0-1"]
[WhiteElo "1928"]
[BlackElo "2244"]
[PlyCount "102"]
[EventDate "2000.01.22"]
[Source "Britbase"]
[SourceDate "2000.01.01"]

1. d4 Nf6 2. Bg5 d5 3. Bxf6 exf6 4. e3 Bd6 5. g3 O-O 6. Bg2 c6 7. Ne2 Nd7 8.
O-O f5 9. b3 Nf6 10. c4 Be6 11. Qc2 Rc8 12. Nd2 Ne4 13. c5 Bb8 14. b4 h5 15. f4
h4 16. Nxe4 fxe4 17. Rfb1 g6 18. Nc3 Kg7 19. Kf2 Rh8 20. Qb2 Qd7 21. Nxe4 Bf5
22. Ng5 f6 23. Nf3 hxg3+ 24. hxg3 Bxb1 25. Rxb1 b5 26. Nd2 Rce8 27. Qa3 Re7 28.
Rb3 g5 29. Nf1 gxf4 30. exf4 Kf8 31. Re3 Rhh7 32. Qd3 Rhg7 33. Rxe7 Kxe7 34.
Ne3 Kd8 35. Qd1 Qe6 36. Qd3 Re7 37. Bf3 Bc7 38. a3 Rg7 39. Bg2 Kc8 40. Nf5 Rg8
41. Ne3 a6 42. Qh7 Kb7 43. f5 Qe8 44. Nxd5 Qd8 45. Nxc7 Qxd4+ 46. Kf1 Qd3+ 47.
Kg1 Qxg3 48. Ne6+ Kc8 49. Qc7+ Qxc7 50. Nxc7 Kxc7 51. Kf2 Rg4 0-1

[Event "4NCL/Div2/LEV-WES"]
[Site "Rd5-Birmingham"]
[Date "2000.01.22"]
[Round "5.6"]
[White "Yeo, Michael"]
[Black "Bentley, John"]
[Result "0-1"]
[WhiteElo "2198"]
[BlackElo "1984"]
[PlyCount "92"]
[EventDate "2000.01.22"]
[Source "Britbase"]
[SourceDate "2000.01.01"]

1. e4 c5 2. Nf3 Nc6 3. d4 cxd4 4. Nxd4 g6 5. Nc3 Bg7 6. Be3 Nf6 7. Bc4 Qa5 8.
O-O O-O 9. Bb3 d6 10. h3 Bd7 11. Nde2 b5 12. Ng3 Ne5 13. Qd2 Rfc8 14. Bh6 Bh8
15. Nd5 Qd8 16. Rfe1 Nc4 17. Bxc4 bxc4 18. c3 Rab8 19. Re2 Rc5 20. Be3 Rcb5 21.
Bxa7 Rxb2 22. Qxb2 Rxb2 23. Rxb2 Nxd5 24. Rb8 Qxb8 25. Bxb8 Nxc3 26. Rc1 Bb5
27. a3 Na4 28. Ne2 c3 29. Re1 c2 30. Rc1 Bxe2 31. Rxc2 Nc3 32. Rd2 Bb5 33. f3
h5 34. Kf2 Be5 35. Ba7 Nb1 36. Ra2 Bc4 37. Rc2 Nxa3 38. Rc1 Be6 39. Be3 Nc4 40.
f4 Nxe3 41. Kxe3 Bg7 42. Rc7 Kf8 43. Ra7 f5 44. Kf3 fxe4+ 45. Kxe4 d5+ 46. Kf3
h4 0-1

[Event "4NCL/Div2/LEV-WES"]
[Site "Rd5-Birmingham"]
[Date "2000.01.22"]
[Round "5.7"]
[White "Hardy, David"]
[Black "Pye, David"]
[Result "0-1"]
[WhiteElo "1896"]
[BlackElo "2072"]
[PlyCount "116"]
[EventDate "2000.01.22"]
[Source "Britbase"]
[SourceDate "2000.01.01"]

1. e4 Nc6 2. Nc3 e6 3. d4 Bb4 4. Nf3 d6 5. a3 Bxc3+ 6. bxc3 e5 7. dxe5 dxe5 8.
Qxd8+ Kxd8 9. Bb5 Nge7 10. Ng5 Ke8 11. f4 f6 12. Nf3 Be6 13. fxe5 a6 14. Bxc6+
Nxc6 15. exf6 gxf6 16. Bf4 Rg8 17. g3 Rg7 18. Kf2 Rd8 19. Rhd1 Rgd7 20. Rxd7
Rxd7 21. Be3 Bf7 22. Bd4 Bh5 23. Be3 Bg6 24. Re1 Re7 25. Bf4 Bxe4 26. Bxc7 Bxc2
27. Rxe7+ Nxe7 28. Nd4 Bb1 29. Bf4 Kd7 30. g4 Nd5 31. Bd2 b5 32. Ne2 Nb6 33.
Nf4 Kd6 34. Be3 Nc4 35. Bc1 Ke5 36. Kf3 Be4+ 37. Kg3 a5 38. h4 Bc6 39. Nd3+ Ke4
40. Nc5+ Kd5 41. Nd3 Nd6 42. Nf4+ Ke5 43. g5 fxg5 44. hxg5 Kf5 45. Nh5 Ne4+ 46.
Kh4 Nxc3 47. Nf6 Kg6 48. Bd2 b4 49. axb4 axb4 50. Ng4 Be4 51. Ne3 Bd3 52. Kg4
Na2 53. Kf3 Nc3 54. Kf4 Ne2+ 55. Ke5 b3 56. Nd1 Ng1 57. Nb2 Nf3+ 58. Kf4 Nxd2
0-1

[Event "4NCL/Div2/LEV-WES"]
[Site "Rd5-Birmingham"]
[Date "2000.01.22"]
[Round "5.8"]
[White "Keeling, Karen"]
[Black "Roberts, Elizabeth"]
[Result "0-1"]
[WhiteElo "1672"]
[BlackElo "1208"]
[PlyCount "66"]
[EventDate "2000.01.22"]
[Source "Britbase"]
[SourceDate "2000.01.01"]

1. d4 d5 2. Nf3 Nf6 3. e3 Bf5 4. c4 e6 5. Qb3 Nbd7 6. Nc3 Nb6 7. Ne5 Be7 8. Be2
O-O 9. g4 dxc4 10. Qd1 Be4 11. Nxe4 Nxe4 12. O-O c3 13. Qc2 cxb2 14. Bxb2 Qd5
15. Bf3 f5 16. Bg2 Rac8 17. a4 c5 18. Qe2 c4 19. Qc2 Bd6 20. a5 Na8 21. f4 b5
22. axb6 axb6 23. gxf5 exf5 24. Ra7 b5 25. Rfa1 Nb6 26. Nd7 Nxd7 27. Rxd7 Ra8
28. Raa7 Rxa7 29. Rxa7 b4 30. Qa4 c3 31. Bc1 b3 32. Ba3 Bxa3 33. Qxa3 b2 0-1

[Event "4NCL/Div2/NID-BR2"]
[Site "Rd5-Birmingham"]
[Date "2000.01.22"]
[Round "5.1"]
[White "Walsh, Chris"]
[Black "Jakubovics, Nick"]
[Result "1/2-1/2"]
[WhiteElo "2186"]
[BlackElo "2238"]
[PlyCount "102"]
[EventDate "2000.01.22"]
[Source "Britbase"]
[SourceDate "2000.01.01"]

1. e4 e5 2. Nf3 Nc6 3. Bb5 a6 4. Ba4 Nf6 5. d3 b5 6. Bb3 Bc5 7. O-O O-O 8. Nc3
d6 9. Nd5 h6 10. a4 Rb8 11. axb5 axb5 12. h3 Nxd5 13. Bxd5 Ne7 14. Bb3 Ng6 15.
Be3 Qf6 16. d4 Bb6 17. c3 Nf4 18. dxe5 dxe5 19. Nh2 Nxh3+ 20. gxh3 Bxh3 21. Qf3
Qxf3 22. Nxf3 Bxf1 23. Rxf1 Rfe8 24. Rd1 Bxe3 25. fxe3 Rbd8 26. Rxd8 Rxd8 27.
Nxe5 Rd2 28. Bxf7+ Kf8 29. Bd5 Rxb2 30. Ng6+ Ke8 31. e5 Re2 32. e6 Rxe3 33.
Bc6+ Kd8 34. e7+ Rxe7 35. Nxe7 Kxe7 36. Bxb5 Kf6 37. Kf2 Ke5 38. Kf3 c5 39. Bd3
g5 40. Kg4 Kf6 41. Kh5 Ke5 42. Kg4 Kf6 43. Bb5 Ke5 44. Bc6 Kd6 45. Bg2 Ke5 46.
Bb7 Kf6 47. Kh5 Kf5 48. Kxh6 c4 49. Bd5 Ke5 50. Bxc4 g4 51. Be2 Kd5 1/2-1/2

[Event "4NCL/Div2/NID-BR2"]
[Site "Rd5-Birmingham"]
[Date "2000.01.22"]
[Round "5.2"]
[White "Easton, Alex"]
[Black "Fish, Andrew"]
[Result "1-0"]
[WhiteElo "2165"]
[BlackElo "2116"]
[PlyCount "93"]
[EventDate "2000.01.22"]
[Source "Britbase"]
[SourceDate "2000.01.01"]

1. Nf3 Nf6 2. c4 g6 3. Nc3 Bg7 4. e4 d6 5. d4 O-O 6. Be2 e5 7. O-O Na6 8. Be3
Ng4 9. Bg5 Qe8 10. dxe5 h6 11. Bh4 Nxe5 12. Nd4 Nc6 13. Ndb5 Be6 14. f3 Qd7 15.
Rb1 f5 16. exf5 Bxf5 17. Bd3 Rae8 18. Bf2 Nc5 19. Bxc5 dxc5 20. Bxf5 Qxf5 21.
Qd5+ Kh7 22. Qxf5 Rxf5 23. Nxc7 Re7 24. N7d5 Bd4+ 25. Kh1 Re6 26. Rfe1 Rfe5 27.
Rxe5 Rxe5 28. Ne4 Kg7 29. b3 Kf7 30. g3 b6 31. Kg2 Re6 32. Re1 Bg7 33. h4 Nd4
34. Nf4 Rc6 35. Nd5 Nc2 36. Re2 Nd4 37. Re1 a6 38. Nec3 Ne6 39. Re4 Bd4 40. Ne2
Bg7 41. Nef4 Nxf4+ 42. Rxf4+ Ke6 43. Re4+ Kd6 44. Ne7 Rc7 45. Nxg6 b5 46. Nf4
Bd4 47. Re6+ 1-0

[Event "4NCL/Div2/NID-BR2"]
[Site "Rd5-Birmingham"]
[Date "2000.01.22"]
[Round "5.3"]
[White "Morris, Gareth"]
[Black "Collier, David"]
[Result "0-1"]
[WhiteElo "2160"]
[BlackElo "2215"]
[PlyCount "150"]
[EventDate "2000.01.22"]
[Source "Britbase"]
[SourceDate "2000.01.01"]

1. d4 Nf6 2. c4 e6 3. g3 Bb4+ 4. Bd2 a5 5. Bg2 d5 6. a3 Bxd2+ 7. Nxd2 O-O 8.
Ngf3 Nc6 9. O-O Ne4 10. Rc1 f5 11. e3 Kh8 12. Ne5 Nxe5 13. dxe5 c6 14. f4 Bd7
15. Nb3 a4 16. Bxe4 fxe4 17. Nc5 b6 18. Nxa4 c5 19. Nc3 Bc6 20. Qg4 Qe7 21.
Rce1 Rad8 22. cxd5 exd5 23. Rf2 g6 24. h4 d4 25. exd4 e3 26. Rxe3 cxd4 27. Rd3
dxc3 28. Rxc3 Ba8 29. Rc1 Be4 30. Qe2 Bf5 31. Qb5 Qb7 32. Qb4 Rf7 33. Re1 Be6
34. Rd2 Rxd2 35. Qxd2 Rd7 36. Qb4 Kg7 37. Qc3 Qd5 38. Kf2 Kf7 39. Rc1 Qe4 40.
Qe3 Qd5 41. Re1 Bh3 42. Qe4 Qc5+ 43. Qe3 Rd2+ 44. Re2 Rd4 45. b4 Qd5 46. Qf3 h5
47. Qxd5+ Rxd5 48. Rc2 Bd7 49. Ke3 Rd1 50. Rc3 Ke6 51. Ke4 Re1+ 52. Kf3 Bb5 53.
Rc7 Rd1 54. Kf2 Rd2+ 55. Ke1 Rd7 56. Rc8 Bd3 57. Rc6+ Kf5 58. Rxb6 Ra7 59. Kd2
Be4 60. Rf6+ Kg4 61. Ke3 Bf5 62. b5 Kxg3 63. Ra6 Rd7 64. Ra4 Kxh4 65. Rd4 Rb7
66. a4 Kg4 67. Rb4 h4 68. Kf2 h3 69. Kg1 Be6 70. Kh2 Rc7 71. f5+ Kxf5 72. Kxh3
Kxe5+ 73. Kg3 Rc3+ 74. Kh4 Kf6 75. Rf4+ Bf5 0-1

[Event "4NCL/Div2/NID-BR2"]
[Site "Rd5-Birmingham"]
[Date "2000.01.22"]
[Round "5.4"]
[White "Bibby, Simon"]
[Black "Johnston, Dafydd"]
[Result "0-1"]
[WhiteElo "2210"]
[BlackElo "2170"]
[PlyCount "64"]
[EventDate "2000.01.22"]
[Source "Britbase"]
[SourceDate "2000.01.01"]

1. e4 c5 2. Nf3 e6 3. c3 d5 4. exd5 exd5 5. d4 Bd6 6. Be3 c4 7. b3 cxb3 8. axb3
Ne7 9. Nbd2 Nf5 10. Bd3 Nxe3 11. fxe3 O-O 12. O-O f5 13. c4 Be6 14. cxd5 Bxd5
15. Nc4 Nc6 16. Qb1 g6 17. e4 fxe4 18. Bxe4 Bf7 19. Qd3 Qc7 20. Rac1 Rad8 21.
Nxd6 Qxd6 22. Rfd1 Nb4 23. Qe3 Nd5 24. Qh6 Nf6 25. Ng5 Rfe8 26. Nxf7 Kxf7 27.
Bxb7 Rb8 28. Rc6 Qd8 29. Ba6 Kg8 30. Bc4+ Kh8 31. Bf7 Ng4 32. Qh3 Qxd4+ 0-1

[Event "4NCL/Div2/NID-BR2"]
[Site "Rd5-Birmingham"]
[Date "2000.01.22"]
[Round "5.6"]
[White "Dilleigh, Stephen"]
[Black "Gandy, Andrew"]
[Result "1/2-1/2"]
[WhiteElo "2186"]
[BlackElo "2085"]
[PlyCount "71"]
[EventDate "2000.01.22"]
[Source "Britbase"]
[SourceDate "2000.01.01"]

1. c4 c5 2. g3 g6 3. Bg2 Bg7 4. Nc3 Nc6 5. a3 Nf6 6. Rb1 Qa5 7. d3 O-O 8. Bd2
Qc7 9. b4 cxb4 10. axb4 d6 11. Nf3 Rb8 12. O-O b6 13. b5 Nd8 14. Qa4 Bb7 15.
Rfc1 Ra8 16. Qb3 Ne6 17. Nd5 Qd7 18. Bc3 Nc5 19. Qa2 Ne8 20. Nd4 e6 21. Nb4
Bxg2 22. Kxg2 Nc7 23. Nf3 Bxc3 24. Rxc3 a5 25. bxa6 N7xa6 26. Ra3 Nxb4 27. Rxb4
Rxa3 28. Qxa3 Qb7 29. Qb2 Nd7 30. Qd4 Qc6 31. h4 h6 32. Kh2 Ra8 33. Qb2 Qc5 34.
Kg2 Qc6 35. Kg1 Ra5 36. Rb5 1/2-1/2

[Event "4NCL/Div2/NID-BR2"]
[Site "Rd5-Birmingham"]
[Date "2000.01.22"]
[Round "5.7"]
[White "Tabatabai, John"]
[Black "Tidman, Sophie"]
[Result "0-1"]
[WhiteElo "2006"]
[BlackElo "2072"]
[PlyCount "82"]
[EventDate "2000.01.22"]
[Source "Britbase"]
[SourceDate "2000.01.01"]

1. e4 e6 2. Nf3 c5 3. d4 Nf6 4. Nc3 cxd4 5. Nxd4 Nc6 6. Ndb5 d6 7. Bf4 e5 8.
Bg5 a6 9. Na3 b5 10. Bxf6 gxf6 11. Nd5 Be6 12. c3 f5 13. exf5 Bxf5 14. Qf3 Be6
15. Nf6+ Ke7 16. Nd5+ Ke8 17. g3 Bxd5 18. Qxd5 Ne7 19. Qf3 Bg7 20. Bh3 h5 21.
Nc2 d5 22. O-O h4 23. Kg2 Rh6 24. Ne3 Kf8 25. Rad1 e4 26. Qg4 Qd6 27. Rfe1 hxg3
28. fxg3 Rg6 29. Qh5 Be5 30. Nf5 Nxf5 31. Bxf5 Rg8 32. Rf1 Bxg3 33. Bg4 Bf4 34.
Rxd5 Qc7 35. Rd7 Qxd7 36. Rxf4 Qd2+ 37. Rf2 Qd7 38. Qc5+ Ke8 39. h3 Rc8 40. Qe3
f5 41. Kh2 fxg4 0-1

[Event "4NCL/Div2/PER-BIG2"]
[Site "Rd5-Birmingham"]
[Date "2000.01.22"]
[Round "5.1"]
[White "Hunt, Adam"]
[Black "Cooper, Lawrence"]
[Result "1/2-1/2"]
[WhiteElo "2388"]
[BlackElo "2338"]
[PlyCount "92"]
[EventDate "2000.01.22"]
[Source "Britbase"]
[SourceDate "2000.01.01"]

1. e4 e5 2. Nf3 Nc6 3. Bb5 Nf6 4. O-O Nxe4 5. d4 Nd6 6. Bxc6 dxc6 7. dxe5 Nf5
8. Qxd8+ Kxd8 9. Nc3 Ke8 10. h3 a5 11. a4 h6 12. Rd1 Ne7 13. Nd4 Be6 14. Nce2
Bc4 15. Nf4 Rd8 16. Be3 Nd5 17. Nxd5 Bxd5 18. Rac1 Be4 19. f3 Bg6 20. f4 Bc5
21. Kf2 h5 22. Nf5 Bxf5 23. Rxd8+ Kxd8 24. Bxc5 b6 25. Be3 Ke7 26. Kf3 c5 27.
Bf2 Bd7 28. Bh4+ Ke6 29. b3 Bc6+ 30. Kf2 c4 31. Rd1 Be4 32. Rd4 Bxc2 33. Rxc4
Bxb3 34. Rxc7 Re8 35. Rc6+ Kf5 36. Rxb6 Bxa4 37. Rb7 Kxf4 38. Bg3+ Ke4 39. Rxf7
g5 40. h4 gxh4 41. Rf4+ Kd5 42. Rxa4 hxg3+ 43. Kxg3 Rxe5 44. Rxa5+ Ke6 45. Ra6+
Kf7 46. Kh4 Kg7 1/2-1/2